|
|
|
|
| LEADER |
00000nam2a2200000 4500 |
| 001 |
296688 |
| 005 |
20231102000930.0 |
| 020 |
|
|
|a RU
|b 84-59487
|
| 035 |
|
|
|a (RuTPU)RU\TPU\book\321796
|
| 035 |
|
|
|a RU\TPU\book\321404
|
| 090 |
|
|
|a 296688
|
| 100 |
|
|
|a 20150602d1984 k y0rusy5003 ca
|
| 101 |
0 |
|
|a rus
|
| 102 |
|
|
|a RU
|
| 105 |
|
|
|a a z 101zy
|
| 200 |
0 |
|
|a Т. 9 : Петрология. Секция С. 9
|
| 210 |
|
|
|d 1984
|
| 215 |
|
|
|a 262 с.
|c ил.
|
| 320 |
|
|
|a Библиография в конце статей
|
| 461 |
|
1 |
|0 (RuTPU)RU\TPU\book\145701
|t 27-й Международный геологический конгресс, СССР, Москва, 4-14 авг. 1984 г.
|o доклады
|v Т. 9 : Петрология. Секция С. 9
|d 1984
|
| 606 |
1 |
|
|a Геология
|2 stltpush
|3 (RuTPU)RU\TPU\subj\6095
|9 34054
|
| 606 |
1 |
|
|a Петрология
|2 stltpush
|3 (RuTPU)RU\TPU\subj\48710
|9 67556
|
| 610 |
1 |
|
|a магматизм
|
| 610 |
1 |
|
|a геодинамика
|
| 610 |
1 |
|
|a литофильные элементы
|
| 610 |
1 |
|
|a кислый магматизм
|
| 610 |
1 |
|
|a оруденение
|
| 610 |
1 |
|
|a США
|
| 610 |
1 |
|
|a граниты
|
| 610 |
1 |
|
|a происхождение
|
| 610 |
1 |
|
|a метасоматизм
|
| 610 |
1 |
|
|a физико-химические условия
|
| 610 |
1 |
|
|a полигенные трондъемиты
|
| 610 |
1 |
|
|a мантия
|
| 610 |
1 |
|
|a эволюция
|
| 610 |
1 |
|
|a модели
|
| 610 |
1 |
|
|a геохимические данные
|
| 610 |
1 |
|
|a геологические конгрессы
|
| 675 |
|
|
|a 55(063)
|z rus
|v 4
|
| 675 |
|
|
|a 552(063)
|z rus
|v 4
|
| 801 |
|
0 |
|a RU
|b RuMRKP
|c 19950704
|g psbo
|
| 801 |
|
1 |
|a RU
|b 63413507
|c 20080329
|g PSBO
|
| 801 |
|
2 |
|a RU
|b 63413507
|c 20181026
|g PSBO
|
| 942 |
|
|
|c BK
|